Optical networks: a practical perspective (Record no. 172088)

000 -LEADER
fixed length control field 00416nam a2200133Ia 4500
008 - FIXED-LENGTH DATA ELEMENTS--GENERAL INFORMATION
fixed length control field 220217s9999||||xx |||||||||||||| ||und||
020 ## - INTERNATIONAL STANDARD BOOK NUMBER
International Standard Book Number 81-7867-117-4
082 ## - DEWEY DECIMAL CLASSIFICATION NUMBER
Classification number 621.382 7 RAM
100 ## - MAIN ENTRY--PERSONAL NAME
Personal name Ramaswami, Rajiv Sivarajan, Kumar, N
9 (RLIN) 3512
245 #0 - TITLE STATEMENT
Title Optical networks: a practical perspective
260 ## - PUBLICATION, DISTRIBUTION, ETC.
Place of publication, distribution, etc. Harcourt india privet Ltd.
Name of publisher, distributor, etc. San Francisco
Date of publication, distribution, etc. 2002
300 ## - PHYSICAL DESCRIPTION
Other physical details 375
650 ## - SUBJECT ADDED ENTRY--TOPICAL TERM
Topical term or geographic name entry element OPTICAL COMMUNICATION
Holdings
Withdrawn status Lost status Damaged status Not for loan Collection code Home library Current library Shelving location Date acquired Full call number Barcode Date last seen Price effective from Koha item type
        Electronics and Communication Engineering Central Library Central Library Book Cart 02/18/2022 621.382 7 RAM 7277 02/18/2022 02/18/2022 Books

Powered by Koha